000 00483nam a2200181Ia 4500
008 090124s9999 xx 000 0 und d
082 _b122756
100 _aरानडे जयंत
245 _a रत्नप्रभा
250 _a1
260 _c1988
300 _a156
600 _aरानडे जयंत
630 _a रत्नप्रभा
700 _aरानडे जयंत
730 _a रत्नप्रभा
942 _cBOOK
999 _c168842
_d168842